| 000 | 00397nam a2200109Ia 4500 | ||
|---|---|---|---|
| 008 | 171204s9999 xx 000 0 und d | ||
| 245 | _aScience and Pseudoscience in Clinical Psychology: | ||
| 245 | _cCarol Tavris PhD, Jeffrey M. Lohr Phd, Scott O. Lilienfeld PhD, and Steven Jay Lynn PhD | ||
| 260 | _c2014 | ||
| 650 | _xCLINICAL PSYCHOLOGY | ||
| 856 | _uhttp://down.ebook777.com/040/1462517897.pdf | ||
| 999 |
_c346413 _d346413 |
||